| 000 | 00480nam a22001217a 4500 | ||
|---|---|---|---|
| 082 | _a200 THE | ||
| 100 |
_aWasim Pervez _970235 |
||
| 245 | _aTH-SOF-1418-Optimal Parameter Selection for High Accuracy Area Classification in Hyper spectral and Landsat-8 Imagery with Seasonal Change Detection | ||
| 260 |
_aIslamabad _bNUST College of EME _c2017 |
||
| 650 |
_a PHD ELECTRICAL ENGINEERING-2017 PHDTHESIS _970236 |
||
| 700 |
_aSupervised by Dr. Shoab Ahmed Khan _970237 |
||
| 942 | _cCF | ||
| 999 |
_c577243 _d577243 |
||